| 000 | 00928nam a22001937a 4500 | ||
|---|---|---|---|
| 003 | OSt | ||
| 005 | 20260413015002.0 | ||
| 008 | 260413b |||||||| |||| 00| 0 eng d | ||
| 040 |
_aDWCL GS lib _cOC |
||
| 082 | _aFic. W671p 2012 | ||
| 100 | _aWilde, Oscar | ||
| 245 |
_aillustrated classics collection: _bthe picture of dorian gray _cOscar Wilde |
||
| 260 |
_aManila, Philippines _bLampara Publishing House _cc2012 |
||
| 300 |
_a127 _bcolored illustrations _c19cm |
||
| 520 | _aThe Picture of Dorian Gray is a gothic novel about a beautiful young man who wishes his portrait to age and bear his sins, while he stays forever young. Under Lord Henry Wotton’s influence, Dorian lives a hedonistic life, causing the painting to grow grotesque as he commits cruel acts and murders his friend. | ||
| 546 | _aEnglish | ||
| 700 | _aWilde Oscar | ||
| 942 |
_2ddc _cFIC. _hFic. W671p 2012 _n0 |
||
| 999 |
_c9369 _d9369 |
||